00345nam a2200133Ia 4500003000400000005001700004008004100021040001800062041000800080100004900088110002200137245003200159260002000191OSt20230525104708.0211028s2018 xx 000 0 und d cAIMIT LIBRARY aeng aDcunha, Babitha; Shetty, Annapoorna.e161905 aAnnapoorna Shetty aHospital management system. aMangaluruc2018